000 00461nam a2200205Ia 4500
005 20250425162446.0
008 250425s9999 xx 000 0 und d
020 _a0878931554
041 _aeng
082 _a614.1
245 0 _aINTERPRETING DNA EVIDENCE
250 _aS.E.
260 _aEstados Unidos
_bSINAUER ASSOCIATES
_c1998
260 _aSUNDERLAND
300 _a278
650 _aDNA
650 _aGENETICA
942 _c01
010 _a75544
999 _c229652
_d229652